[Event "XXIV Torneo di Capodanno"]
[Site "Reggio nell'Emilia ITA"]
[Date "1982.01.02"]
[Round "9"]
[White "Cuartas, Carlos Enrique"]
[Black "Rigo, Janos"]
[Result "0-1"]
[WhiteElo "2430"]
[BlackElo "2330"]
[PlyCount "98"]
[EventDate "1981.12.25"]

1. e4 c5 2. Nf3 d6 3. d4 cxd4 4. Qxd4 Nc6 5. Bb5 Bd7 6. Bxc6 Bxc6 7. Nc3 e6 8.
Bg5 Nf6 9. O-O-O Be7 10. Rhe1 O-O 11. Kb1 Qa5 12. Qd2 Kh8 13. Nd4 Rfd8 14. f3
Rac8 15. g4 b5 16. Ncxb5 Qb6 17. Nxc6 Rxc6 18. Nd4 Rc4 19. Be3 Rb8 20. Nb3 Qc7
21. Bd4 Rb5 22. Bxf6 gxf6 23. Re3 a5 24. Nd4 Rbc5 25. b3 Rb4 26. f4 d5 27. exd5
Rxd5 28. Rd3 Bd6 29. f5 Bf4 30. Qf2 e5 31. Ne2 Rxd3 32. Rxd3 a4 33. Rc3 Qd8 34.
Qc5 Qd1+ 35. Kb2 a3+ 36. Kxa3 Rb8 37. Qa7 e4 38. Nxf4 Qc1+ 39. Ka4 Qxf4 40. Ka3
Qc1+ 41. Ka4 Qf4 42. Rc7 e3+ 43. c4 Re8 44. Rxf7 Qxh2 45. a3 e2 46. g5 e1=Q 47.
gxf6 Qh6 48. Re7 Rxe7 49. fxe7 Qc6# 0-1

[Event "XXIV Torneo di Capodanno"]
[Site "Reggio nell'Emilia ITA"]
[Date "1982.01.02"]
[Round "9"]
[White "Formanek, Edward W."]
[Black "Santolini, Luigi"]
[Result "1-0"]
[WhiteElo "2370"]
[BlackElo "2265"]
[PlyCount "73"]
[EventDate "1981.12.25"]

1. e4 c5 2. Nf3 d6 3. d4 cxd4 4. Nxd4 Nf6 5. Nc3 a6 6. f4 Qc7 7. Bd3 e5 8. Nf3
b5 9. O-O Nbd7 10. Qe1 Bb7 11. Kh1 g6 12. Qh4 Be7 13. fxe5 dxe5 14. Bg5 h6 15.
Nd2 Kf8 16. Bxf6 Nxf6 17. Rxf6 Kg7 18. Raf1 Rhf8 19. Qf2 Bxf6 20. Qxf6+ Kh7 21.
a4 b4 22. Nd5 Bxd5 23. exd5 Rad8 24. b3 Qd6 25. Bc4 Qxf6 26. Rxf6 a5 27. g4 Kg7
28. Ne4 Ra8 29. Kg2 Ra7 30. Kf2 Rd8 31. Ke3 Rad7 32. h4 Ra7 33. d6 Re8 34. Bb5
Rd8 35. g5 hxg5 36. hxg5 Rh8 37. d7 1-0

[Event "XXIV Torneo di Capodanno"]
[Site "Reggio nell'Emilia ITA"]
[Date "1982.01.02"]
[Round "9"]
[White "Messa, Roberto"]
[Black "Vaganian, Rafael A."]
[Result "0-1"]
[WhiteElo "2290"]
[BlackElo "2565"]
[PlyCount "74"]
[EventDate "1981.12.25"]

1. e4 Nf6 2. e5 Nd5 3. d4 d6 4. Bc4 Nb6 5. Bb3 d5 6. Nd2 e6 7. Ne2 c5 8. c3 Bd7
9. Nf3 Bb5 10. h4 Nc6 11. h5 h6 12. a4 Ba6 13. dxc5 Nd7 14. Bf4 Bxc5 15. Bc2
Bb6 16. Ned4 Bxd4 17. Nxd4 Ncxe5 18. Nb5 O-O 19. Rh3 Qf6 20. Qd2 Rfc8 21. b3
Bxb5 22. axb5 Nc5 23. Rg3 Ned3+ 24. Bxd3 Nxb3 25. Qb2 Nxa1 26. Bd2 Qe5+ 27. Be2
Kh8 28. Qxa1 a6 29. Qc1 d4 30. Bxh6 Rxc3 31. Rxc3 dxc3 32. Bf4 Qd4 33. Be3 Qb4
34. h6 axb5 35. hxg7+ Kg8 36. f3 Qb2 37. Kf2 Ra1 0-1

[Event "XXIV Torneo di Capodanno"]
[Site "Reggio nell'Emilia ITA"]
[Date "1982.01.02"]
[Round "9"]
[White "Passerotti, Pierluigi"]
[Black "Bykhovsky, Avigdor"]
[Result "0-1"]
[WhiteElo "2345"]
[BlackElo "2330"]
[PlyCount "140"]
[EventDate "1981.12.25"]

1. e4 e5 2. Nf3 Nc6 3. Bb5 a6 4. Ba4 Nf6 5. d4 exd4 6. O-O Be7 7. Re1 b5 8. e5
Nxe5 9. Rxe5 d6 10. Re1 bxa4 11. Bg5 O-O 12. Qe2 h6 13. Nxd4 Bd7 14. Bh4 Re8
15. Qf3 g5 16. Bg3 Bf8 17. Nc3 Bg7 18. Nc6 Bxc6 19. Qxc6 a3 20. bxa3 Qd7 21.
Qf3 Qg4 22. Qd3 Nd7 23. Rad1 Nc5 24. Qd2 Qc4 25. Nd5 Ne6 26. c3 Rab8 27. Qe2
Qxe2 28. Rxe2 Rb7 29. f4 gxf4 30. Bxf4 Reb8 31. Be3 Rb1 32. Rxb1 Rxb1+ 33. Kf2
Rb5 34. c4 Ra5 35. Bc1 Rc5 36. Rc2 Nd4 37. Rc3 Ne6 38. Rc2 Kh7 39. Bd2 c6 40.
Ne3 Bd4 41. Kf3 Be5 42. Kf2 Bd4 43. Kf3 h5 44. g3 Kg6 45. Bb4 Ng5+ 46. Ke2 Re5
47. Bd2 Ne4 48. Bc1 Nc5 49. Bd2 Ne4 50. Bc1 Nc5 51. Bd2 Re6 52. Kf3 Rf6+ 53.
Ke2 Re6 54. Kf3 Nd3 55. Ng2 Bc5 56. Nf4+ Nxf4 57. Bxf4 Bxa3 58. h3 f5 59. Rd2
Kf6 60. Rd3 Bc5 61. g4 fxg4+ 62. hxg4 hxg4+ 63. Kxg4 Ke7 64. Kf5 Re1 65. Rh3
Kd7 66. Rh7+ Kc8 67. Rh8+ Kc7 68. Bd2 Re5+ 69. Kf6 Bd4 70. Ba5+ Rxa5+ 0-1

[Event "XXIV Torneo di Capodanno"]
[Site "Reggio nell'Emilia ITA"]
[Date "1982.01.02"]
[Round "9"]
[White "Trabattoni, Franco"]
[Black "Duer, Arne"]
[Result "1/2-1/2"]
[WhiteElo "2310"]
[BlackElo "2395"]
[PlyCount "24"]
[EventDate "1981.12.25"]

1. e4 c5 2. Nf3 e6 3. d4 cxd4 4. Nxd4 Nf6 5. Nc3 d6 6. g4 h6 7. g5 hxg5 8. Bxg5
Nc6 9. Qd2 Qb6 10. Nb3 a6 11. O-O-O Bd7 12. f4 O-O-O 1/2-1/2

[Event "XXIV Torneo di Capodanno"]
[Site "Reggio nell'Emilia ITA"]
[Date "1982.01.03"]
[Round "10"]
[White "Bykhovsky, Avigdor"]
[Black "Sisniega Campbell, Marcel"]
[Result "1/2-1/2"]
[WhiteElo "2330"]
[BlackElo "2440"]
[PlyCount "23"]
[EventDate "1981.12.25"]

1. e4 c6 2. d4 d5 3. Nc3 dxe4 4. Nxe4 Nf6 5. Nxf6+ gxf6 6. Nf3 Bf5 7. Bd3 Rg8
8. Bf4 Bxd3 9. Qxd3 Qa5+ 10. c3 Nd7 11. O-O Rg4 12. Bg3 1/2-1/2

[Event "XXIV Torneo di Capodanno"]
[Site "Reggio nell'Emilia ITA"]
[Date "1982.01.03"]
[Round "10"]
[White "Duer, Arne"]
[Black "Passerotti, Pierluigi"]
[Result "1/2-1/2"]
[WhiteElo "2395"]
[BlackElo "2345"]
[PlyCount "63"]
[EventDate "1981.12.25"]

1. c4 e6 2. Nf3 d5 3. d4 Nf6 4. Bg5 Be7 5. Nc3 h6 6. Bxf6 Bxf6 7. e3 O-O 8. Rc1
b6 9. cxd5 exd5 10. Bd3 Bb7 11. O-O Re8 12. Qb3 a6 13. Rfe1 Kf8 14. h3 Ra7 15.
Rcd1 Nc6 16. Bb1 Na5 17. Qc2 g6 18. a3 Nc4 19. Ba2 b5 20. Bxc4 bxc4 21. e4 dxe4
22. Nxe4 Bxe4 23. Rxe4 Rxe4 24. Qxe4 c5 25. d5 Bxb2 26. Qxc4 Qd6 27. Nd2 Bd4
28. Nb3 Rd7 29. Nxd4 Qxd5 30. Ne6+ Qxe6 31. Qxc5+ Kg7 32. Rxd7 1/2-1/2

[Event "XXIV Torneo di Capodanno"]
[Site "Reggio nell'Emilia ITA"]
[Date "1982.01.03"]
[Round "10"]
[White "Formanek, Edward W."]
[Black "Messa, Roberto"]
[Result "1/2-1/2"]
[WhiteElo "2370"]
[BlackElo "2290"]
[PlyCount "50"]
[EventDate "1981.12.25"]

1. e4 e6 2. d4 d5 3. Nd2 c5 4. Ngf3 Nc6 5. exd5 exd5 6. Bb5 Bd6 7. O-O Nge7 8.
dxc5 Bxc5 9. Nb3 Bd6 10. c3 O-O 11. Bg5 Bg4 12. Bh4 Qb6 13. Bxc6 bxc6 14. Bg3
Bxg3 15. hxg3 Nf5 16. Qd3 Nxg3 17. Ne5 Nxf1 18. Nxg4 h5 19. Ne5 Rfe8 20. Qf5
Qc7 21. Nf3 Ng3 22. fxg3 Qxg3 23. Ng5 Re1+ 24. Rxe1 Qxe1+ 25. Kh2 Qh4+ 1/2-1/2

[Event "XXIV Torneo di Capodanno"]
[Site "Reggio nell'Emilia ITA"]
[Date "1982.01.03"]
[Round "10"]
[White "Vaganian, Rafael A."]
[Black "Trabattoni, Franco"]
[Result "1-0"]
[WhiteElo "2565"]
[BlackElo "2310"]
[PlyCount "81"]
[EventDate "1981.12.25"]

1. Nf3 Nf6 2. g3 b6 3. Bg2 Bb7 4. O-O e6 5. d3 d5 6. b3 Be7 7. Bb2 O-O 8. c4 c5
9. e3 Nc6 10. Qe2 Qc7 11. Rd1 Rad8 12. Nc3 Qb8 13. Rac1 Qa8 14. cxd5 Nxd5 15.
Ne4 Na5 16. Ba1 Nb4 17. Ne1 f5 18. Nc3 Bf6 19. Rb1 Bxg2 20. Nxg2 Nd5 21. Nxd5
exd5 22. d4 cxd4 23. Bxd4 Bxd4 24. exd4 Rfe8 25. Qd3 g6 26. Rbc1 Qb7 27. Rc3
Rc8 28. Rdc1 Rxc3 29. Qxc3 Qe7 30. Nf4 Qd7 31. Qc7 Re7 32. Qb8+ Kg7 33. Rc8 Nc6
34. Rg8+ Kf6 35. Qf8+ Rf7 36. Qh6 Ke7 37. Qh4+ Kd6 38. Nd3 Kc7 39. b4 Qe7 40.
Qf4+ Qd6 41. Rc8+ 1-0

[Event "XXIV Torneo di Capodanno"]
[Site "Reggio nell'Emilia ITA"]
[Date "1982.01.04"]
[Round "11"]
[White "Cuartas, Carlos Enrique"]
[Black "Bykhovsky, Avigdor"]
[Result "1/2-1/2"]
[WhiteElo "2430"]
[BlackElo "2330"]
[PlyCount "21"]
[EventDate "1981.12.25"]

1. e4 e5 2. Nf3 Nc6 3. Bb5 a6 4. Bxc6 dxc6 5. d4 exd4 6. Qxd4 Qxd4 7. Nxd4 Bd7
8. Nc3 O-O-O 9. Bf4 Bb4 10. Nde2 Ne7 11. O-O-O 1/2-1/2

[Event "XXIV Torneo di Capodanno"]
[Site "Reggio nell'Emilia ITA"]
[Date "1982.01.04"]
[Round "11"]
[White "Messa, Roberto"]
[Black "Santolini, Luigi"]
[Result "1-0"]
[WhiteElo "2290"]
[BlackElo "2265"]
[PlyCount "33"]
[EventDate "1981.12.25"]

1. e4 c5 2. Nf3 d6 3. d4 cxd4 4. Qxd4 Nc6 5. Bb5 Bd7 6. Bxc6 Bxc6 7. Nc3 Nf6 8.
Bg5 e6 9. O-O-O Be7 10. Rhe1 O-O 11. e5 dxe5 12. Qh4 Qc7 13. Nxe5 h6 14. Bxh6
Ne4 15. Qh5 Nxc3 16. Rd3 gxh6 17. Qxh6 1-0

[Event "XXIV Torneo di Capodanno"]
[Site "Reggio nell'Emilia ITA"]
[Date "1982.01.04"]
[Round "11"]
[White "Passerotti, Pierluigi"]
[Black "Vaganian, Rafael A."]
[Result "0-1"]
[WhiteElo "2345"]
[BlackElo "2565"]
[PlyCount "78"]
[EventDate "1981.12.25"]

1. e4 c5 2. c4 e6 3. Nc3 b6 4. g3 Bb7 5. Bg2 Nf6 6. Nge2 d6 7. O-O Nbd7 8. b3
a6 9. d4 cxd4 10. Nxd4 Qb8 11. Bb2 g6 12. Rc1 Bg7 13. Rc2 O-O 14. Rd2 Nc5 15.
Re1 Bh6 16. Rde2 Rd8 17. Qb1 Qa7 18. Bh3 e5 19. Nf3 b5 20. Nd5 Nxd5 21. cxd5 a5
22. Bc1 Bxc1 23. Rxc1 Bc8 24. Bxc8 Rdxc8 25. Rcc2 Qd7 26. Qc1 Re8 27. Nh4 f6
28. Qh6 b4 29. Nf3 a4 30. bxa4 Nxa4 31. Qd2 Nc3 32. Re3 Ra3 33. Ne1 Qb5 34. Nd3
Rc8 35. Kg2 Rc4 36. Rb2 Nxe4 37. Qe1 Nc3 38. Nxb4 Rxb4 39. Rxc3 Rxc3 0-1

[Event "XXIV Torneo di Capodanno"]
[Site "Reggio nell'Emilia ITA"]
[Date "1982.01.04"]
[Round "11"]
[White "Trabattoni, Franco"]
[Black "Formanek, Edward W."]
[Result "0-1"]
[WhiteElo "2310"]
[BlackElo "2370"]
[PlyCount "46"]
[EventDate "1981.12.25"]

1. e4 e6 2. d4 d5 3. Nc3 Bb4 4. Nge2 Nf6 5. e5 Nfd7 6. a3 Be7 7. Ng3 c5 8. Qg4
g6 9. Bh6 cxd4 10. Qxd4 Nc6 11. Qa4 Qc7 12. O-O-O Qxe5 13. Bb5 Nb6 14. Qg4 Bxa3
15. Kb1 Be7 16. Rhe1 Qf6 17. Qe2 Bd7 18. h4 Qxh4 19. Bg7 Rg8 20. Rh1 Qb4 21.
Rxh7 Rxg7 22. Rxg7 Bf6 23. Bxc6 bxc6 0-1

[Event "XXIV Torneo di Capodanno"]
[Site "Reggio nell'Emilia ITA"]
[Date "1982.01.05"]
[Round "12"]
[White "Duer, Arne"]
[Black "Cuartas, Carlos Enrique"]
[Result "1-0"]
[WhiteElo "2395"]
[BlackElo "2430"]
[PlyCount "81"]
[EventDate "1981.12.25"]

1. c4 g6 2. d4 Bg7 3. Nf3 d6 4. Nc3 Nf6 5. e4 O-O 6. Be2 Bg4 7. Be3 Nfd7 8. Rc1
e5 9. d5 a5 10. O-O Na6 11. a3 Ndc5 12. b3 Bxf3 13. Bxf3 f5 14. Rb1 fxe4 15.
Bxe4 Qh4 16. g3 Qh3 17. Bf3 Qf5 18. Bg4 Qd3 19. Qxd3 Nxd3 20. Rfd1 Ndc5 21. b4
axb4 22. axb4 e4 23. bxc5 Bxc3 24. cxd6 cxd6 25. Rxb7 Nc5 26. Rc7 Nd3 27. Rb1
Rfb8 28. Rb5 h5 29. Be6+ Kh8 30. Ba7 Rxb5 31. cxb5 Ba5 32. Rc8+ Rxc8 33. Bxc8
Bb4 34. Bd4+ Kg8 35. b6 Nc5 36. b7 Na6 37. Ba7 e3 38. fxe3 Bc5 39. b8=Q Nxb8
40. Bxb8 Bxe3+ 41. Kg2 1-0

[Event "XXIV Torneo di Capodanno"]
[Site "Reggio nell'Emilia ITA"]
[Date "1982.01.05"]
[Round "12"]
[White "Formanek, Edward W."]
[Black "Passerotti, Pierluigi"]
[Result "1/2-1/2"]
[WhiteElo "2370"]
[BlackElo "2345"]
[PlyCount "103"]
[EventDate "1981.12.25"]

1. e4 c5 2. Nf3 Nc6 3. d4 cxd4 4. Nxd4 g6 5. c4 Bg7 6. Be3 Nf6 7. Nc3 Ng4 8.
Qxg4 Bxd4 9. Bxd4 Nxd4 10. Qd1 e5 11. Be2 d6 12. O-O Be6 13. Nb5 Nxb5 14. Qa4
Qb6 15. Rfd1 O-O 16. cxb5 Rac8 17. Rd2 f5 18. exf5 gxf5 19. Qa3 Qc5 20. Rxd6
Qxa3 21. bxa3 Kf7 22. Rad1 Rc3 23. R1d3 Rfc8 24. Rxc3 Rxc3 25. f4 e4 26. a4 Ke7
27. Rd2 Ra3 28. Bd1 Bxa2 29. h3 Bc4 30. Rd4 Bd3 31. Kf2 Ra2+ 32. Kg3 Bf1 33.
Rd5 Rxg2+ 34. Kh4 Rg6 35. Rxf5 Rh6+ 36. Kg5 Bxh3 37. Rc5 Rg6+ 38. Kh4 Bd7 39.
Re5+ Re6 40. Rh5 h6 41. Bb3 Be8 42. Rf5 Rf6 43. Re5+ Kd8 44. Rxe4 Bg6 45. Rd4+
Ke7 46. Rc4 Kd6 47. Kg4 Bf5+ 48. Kf3 h5 49. Bc2 Be6 50. Rc3 h4 51. Be4 Rf7 52.
Bg6 1/2-1/2

[Event "XXIV Torneo di Capodanno"]
[Site "Reggio nell'Emilia ITA"]
[Date "1982.01.05"]
[Round "12"]
[White "Messa, Roberto"]
[Black "Trabattoni, Franco"]
[Result "1-0"]
[WhiteElo "2290"]
[BlackElo "2310"]
[PlyCount "101"]
[EventDate "1981.12.25"]

1. e4 c5 2. Nf3 Nc6 3. d4 cxd4 4. Nxd4 g6 5. Nc3 Bg7 6. Nb3 Nf6 7. Be2 O-O 8.
O-O d6 9. Bg5 Be6 10. Qd2 a5 11. Bh6 Bxh6 12. Qxh6 a4 13. Nd2 Nd4 14. Bd3 Qa5
15. Qe3 Qa7 16. a3 Rfc8 17. h3 b5 18. Rac1 Bc4 19. Bxc4 bxc4 20. Nxa4 Qxa4 21.
Qxd4 c3 22. bxc3 Qxa3 23. c4 Qc5 24. Qxc5 Rxc5 25. Ra1 Rca5 26. Rxa5 Rxa5 27.
f3 Nd7 28. Kf2 Ra3 29. Rb1 Kf8 30. Ke2 f5 31. exf5 gxf5 32. Rb5 e6 33. Nb3 Ra4
34. c5 Rc4 35. Kd3 Ne5+ 36. Kd2 d5 37. Rb7 h5 38. c3 Nc6 39. Rb6 Nd8 40. Rb4
Ke7 41. Rxc4 dxc4 42. Na5 e5 43. Nxc4 Ke6 44. Na5 Kd5 45. c6 Ne6 46. g4 fxg4
47. fxg4 hxg4 48. hxg4 Kc5 49. g5 Kd6 50. g6 Ke7 51. Nc4 1-0

[Event "XXIV Torneo di Capodanno"]
[Site "Reggio nell'Emilia ITA"]
[Date "1982.01.05"]
[Round "12"]
[White "Santolini, Luigi"]
[Black "Rigo, Janos"]
[Result "1-0"]
[WhiteElo "2265"]
[BlackElo "2330"]
[PlyCount "99"]
[EventDate "1981.12.25"]

1. c4 e6 2. Nc3 c5 3. Nf3 Nc6 4. g3 d5 5. cxd5 exd5 6. d4 Nf6 7. Bg2 h6 8. O-O
Be6 9. b3 Rc8 10. Bb2 b6 11. e3 Bd6 12. Rc1 O-O 13. Ba3 a6 14. Na4 cxd4 15.
Bxd6 Qxd6 16. Nxd4 Ne5 17. Qe2 b5 18. Nc3 Bg4 19. Qd2 b4 20. Nce2 Ne4 21. Qd1
Rxc1 22. Qxc1 Rc8 23. Qd1 Bd7 24. Nf4 Rc5 25. Nde2 f5 26. Nd4 a5 27. Qa1 g5 28.
Nfe2 Nc3 29. Nxc3 bxc3 30. Qb1 c2 31. Nxc2 Bb5 32. Nd4 Bd3 33. Qd1 Bxf1 34.
Bxf1 Qf6 35. Bh3 g4 36. Bg2 Nc6 37. Ne2 Qe5 38. h3 gxh3 39. Bxh3 Nb4 40. Nd4
Nxa2 41. Qh5 Rc7 42. Bxf5 Re7 43. Nc6 Qa1+ 44. Kg2 Rc7 45. Qe8+ Kg7 46. Qg6+
Kf8 47. Qd6+ Kg7 48. Qxc7+ Kf6 49. Nd4 Nc3 50. Qd6+ 1-0

[Event "XXIV Torneo di Capodanno"]
[Site "Reggio nell'Emilia ITA"]
[Date "1982.01.06"]
[Round "13"]
[White "Cuartas, Carlos Enrique"]
[Black "Vaganian, Rafael A."]
[Result "0-1"]
[WhiteElo "2430"]
[BlackElo "2565"]
[PlyCount "84"]
[EventDate "1981.12.25"]

1. e4 e6 2. d4 d5 3. Nc3 Bb4 4. exd5 exd5 5. Bd3 Ne7 6. Qh5 c5 7. Nf3 c4 8. Ne5
Be6 9. Be2 Nbc6 10. Bg4 O-O 11. Bxe6 fxe6 12. Nxc6 Nxc6 13. Qg4 e5 14. O-O Nxd4
15. Bg5 Qd6 16. Rad1 h6 17. Nxd5 Qxd5 18. Bxh6 Qf7 19. c3 Nf5 20. Bxg7 Nxg7 21.
cxb4 Rad8 22. Rxd8 Rxd8 23. Rd1 Rxd1+ 24. Qxd1 Qf5 25. Qd5+ Kh7 26. g3 Qb1+ 27.
Kg2 Qxb2 28. Qe4+ Kh6 29. Qh4+ Kg6 30. Qg4+ Kf6 31. Qf3+ Ke6 32. Qg4+ Kd5 33.
Qd7+ Ke4 34. Qxb7+ Kd3 35. Qf3+ Kd2 36. Qe3+ Kd1 37. Qxa7 Qd4 38. Qxg7 c3 39.
Qh7 c2 40. Qh5+ Ke1 41. Qh6 Qxf2+ 42. Kh3 Qf1+ 0-1

[Event "XXIV Torneo di Capodanno"]
[Site "Reggio nell'Emilia ITA"]
[Date "1982.01.06"]
[Round "13"]
[White "Passerotti, Pierluigi"]
[Black "Messa, Roberto"]
[Result "1-0"]
[WhiteElo "2345"]
[BlackElo "2290"]
[PlyCount "65"]
[EventDate "1981.12.25"]

1. e4 e6 2. d4 d5 3. Nc3 Bb4 4. e5 Ne7 5. a3 Bxc3+ 6. bxc3 c5 7. Qg4 O-O 8. Nf3
Nbc6 9. Bd3 f5 10. exf6 Rxf6 11. Bg5 Rf7 12. Qh3 h6 13. Bg6 Rf8 14. Ne5 Nxe5
15. dxe5 Qc7 16. Bxe7 Qxe7 17. Qg3 Qg5 18. Qxg5 hxg5 19. h4 g4 20. h5 Bd7 21.
Rh4 Rf4 22. g3 Rf3 23. h6 Raf8 24. hxg7 Kxg7 25. Rxg4 Rxf2 26. O-O-O Rh8 27.
Be8+ Kf8 28. Bxd7 Ke7 29. Rg7+ Kf8 30. Rg6 Rhh2 31. Kb1 Ke7 32. Bxe6 Rxc2 33.
Rxd5 1-0

[Event "XXIV Torneo di Capodanno"]
[Site "Reggio nell'Emilia ITA"]
[Date "1982.01.06"]
[Round "13"]
[White "Sisniega Campbell, Marcel"]
[Black "Formanek, Edward W."]
[Result "0-1"]
[WhiteElo "2440"]
[BlackElo "2370"]
[PlyCount "92"]
[EventDate "1981.12.25"]

1. e4 e5 2. Nf3 Nc6 3. Bb5 f5 4. d3 Nf6 5. O-O Bc5 6. exf5 O-O 7. Nxe5 Nxe5 8.
d4 Bd6 9. dxe5 Bxe5 10. Re1 Re8 11. Nd2 c6 12. Bd3 d5 13. Nf3 Bc7 14. Bg5 Rxe1+
15. Qxe1 Qf8 16. h3 Bd7 17. Qd2 Qf7 18. Re1 Re8 19. Rxe8+ Qxe8 20. Qe3 Qxe3 21.
fxe3 Ne4 22. g4 Nxg5 23. Nxg5 Be5 24. c3 h6 25. Nf3 Bd6 26. Kf2 Kf7 27. h4 Ke7
28. g5 hxg5 29. hxg5 c5 30. c4 dxc4 31. Bc2 Bc6 32. Nh4 Kd8 33. Ng6 Be8 34. Nf4
Bf7 35. g6 Bg8 36. Ne2 b5 37. Nc3 b4 38. Nd1 Be5 39. Ke2 Ke7 40. e4 a5 41. Kd2
c3+ 42. bxc3 Bxa2 43. cxb4 axb4 44. Ba4 c4 45. Bb5 c3+ 46. Kd3 Bb1+ 0-1

[Event "XXIV Torneo di Capodanno"]
[Site "Reggio nell'Emilia ITA"]
[Date "1982.01.06"]
[Round "13"]
[White "Trabattoni, Franco"]
[Black "Santolini, Luigi"]
[Result "1/2-1/2"]
[WhiteElo "2310"]
[BlackElo "2265"]
[PlyCount "21"]
[EventDate "1981.12.25"]

1. e4 c5 2. Nf3 d6 3. d4 cxd4 4. Nxd4 Nf6 5. Nc3 a6 6. Bg5 e6 7. f4 Be7 8. Qf3
Qc7 9. O-O-O Nbd7 10. Bd3 h6 11. Qh3 1/2-1/2